000 00461nam a2200169Ia 4500
003 GCL
008 140319s9999 xx 000 0 eng d
040 _aGCL /
_cGCL
082 0 4 _a338.4791
_bM T
100 1 _aMCINTOSH, ROBERT
245 1 0 _aTOURISM: PRINCIPLES, PRACTICES AND PHILOSOPHIES /
_cMCINTOSH, ROBERT
260 _a[S.N] :
_bJOHN WILEY AND SONS. INC ،
_c1995
300 _a551 P
650 0 4 _aTOURIST TRADE
650 0 4 _aTOURISM
942 _2ddc
_cBK
999 _c24247
_d24247